| 000 | 00521nam a2200205Ia 4500 | ||
|---|---|---|---|
| 008 | 170918s9999 xx 000 0 und d | ||
| 020 | _a9781595548504 | ||
| 050 | _bW814pl 2011 | ||
| 100 | _aWiseman, Beth | ||
| 245 | _aPlain proposal : | ||
| 245 | _ba daughters of the promise novel / | ||
| 245 | _cby Beth Wiseman. | ||
| 260 | _aUSA : | ||
| 260 | _bThomas Nelson, | ||
| 260 | _c2011 | ||
| 300 | _a296 pages : | ||
| 300 | _billustrations ; | ||
| 300 | _c21cm. | ||
| 300 | _eA daughters of the promise novel. | ||
| 999 |
_c343847 _d343847 |
||